Čas (a vzdialenosť) sú peniaze (navyše)
Rozvoj elektronického obchodovania v dvoch oblastiach - business to business (B2B) a business to customer (B2C). B2C poskytuje užívateľovi možnosť virtuálneho nakupovania, platenia a doručovania tovaru. Stav a možnosti elektronického nakupovania v oblasti B2C v zahraničí a na Slovensku.
Na minha lista:
| Autor principal: | |
|---|---|
| Formato: | Capítulo de Livro |
| Idioma: | eslovaco |
| Assuntos: | |
| Tags: |
Sem tags, seja o primeiro a adicionar uma tag!
|
MARC
| LEADER | 00000naa a2200000 4500 | ||
|---|---|---|---|
| 001 | r042889 | ||
| 005 | 20231003075531.7 | ||
| 041 | 0 | |a slo | |
| 044 | |a SK | ||
| 245 | 1 | 0 | |a Čas (a vzdialenosť) sú peniaze (navyše) |c Marína Gajdošíková |
| 520 | |a Rozvoj elektronického obchodovania v dvoch oblastiach - business to business (B2B) a business to customer (B2C). B2C poskytuje užívateľovi možnosť virtuálneho nakupovania, platenia a doručovania tovaru. Stav a možnosti elektronického nakupovania v oblasti B2C v zahraničí a na Slovensku. | ||
| 610 | 2 | 0 | |a obchod elektronický |
| 610 | 2 | 0 | |a nákup |
| 610 | 2 | 0 | |a tovar |
| 610 | 2 | 0 | |a realita virtuálna |
| 100 | 1 | |a Gajdošíková, Marína | |